000
00311nam a2200145Ia 4500
005
20250406063626.0
008
240331s9999 xx 000 0 und d
082
_b
SER
_a
894
100
_a
Seran,
245
0
_a
Kanal vari
260
_a
Chennai
_b
Ponni
_c
1989
300
_a
64 p .,
650
_a
Poems
942
_c
L
999
_c
4127
_d
4127